Normal view MARC view
  • Loma O., José Luis de la

Entry Nombre Personal

Number of records used in: 1

001 - NUMERO DE CONTROL

  • campo de control: 50626

003 - IDENTIFICADOR DE NUMERO DE CONTROL

  • campo de control: MX-MxUPN

005 - FECHA Y HORA DE LA ÜLTIMA TRANSACCIÓN

  • campo de control: 20231114125441.0

008 - DATOS DE LONGITUD FIJA

  • campo de control de longitud fija: 231114|| aca||aabn | a|a d

040 ## - FUENTE DE CATALOGACIÓN

  • Agencia original de catalogación: MX-MxUPN
  • Lenguaje de catalogación: spa
  • Agencia de transcripción: MX-MxUPN

100 1# - ENCABEZAMIENTO - NOMBRE PERSONAL

  • Nombre personal: Loma O., José Luis de la

670 ## - FUENTE EN LA QUE SE LOCALIZARON DATOS

  • Cita de la fuente: Aspectos ecológicos del combate de las plantas acuáticas, 1977:
  • Información localizada: portada (José Luis de la Loma O.)

902 ## - CATALOGADOR

  • Catalogador: Víctor Ruiz/141123